000 00872nam a2200217 a 4500
003 0
005 20250312103249.0
008 080725s19uu xx 00 eng d
050 _aPGS QA 20.P43.P47
_b.L477 2028
100 _aLee, Ji Hi (Mina).
245 _aPerception and attitude of parents and children towards math /
_cJi Hi Lee (Mina).
260 _aLas Piñas City, Philippines :
_bSouthville International School and Colleges,
_c2008.
300 _a24 pages :
_billustrations ;
_c28 cm.
504 _aIncludes bibliographical references.
650 _aMathematics
_vPsychological aspects.
650 _aMathematics
_vStudy and teaching
_vParent attitudes.
650 _aMathematics
_vStudy and teaching
_vChildren’s attitudes.
650 _aParents
_vAttitudes toward education.
650 _aStudents
_vAttitudes toward mathematics.
942 _2lcc
_cPASS
999 _c97936
_d97936